000 00571nam a2200181Ia 4500
001 22323
005 20260414150823.0
008 260414t2014||||xx |||||||||||||| ||spa||
041 _aESP
082 _a621.317
_bC48
100 _aCerdá Filiu, Luis Miguel
_eAUT
245 0 _aInstalaciones eléctricas y automatismos :
_binstalación y mantenimiento, instalaciones frigoríficas y de climatización, instalaciones de producción de calor
260 _c2014
300 _axiii, 374 páginas :
_c27 cm.
650 _aTCA
654 _aCET
942 _cLIB
_dJUS
_fJUS
_2ddc
_n
999 _c22323
_d22323